Electronic communication systems : (Record no. 175852)

000 -LEADER
fixed length control field 00800 a2200205 4500
003 - CONTROL NUMBER IDENTIFIER
control field Nust
005 - DATE AND TIME OF LATEST TRANSACTION
control field 20220816092144.0
010 ## - LIBRARY OF CONGRESS CONTROL NUMBER
LC control number 98009671
020 ## - INTERNATIONAL STANDARD BOOK NUMBER
International Standard Book Number 0133732266(alk. paper)
040 ## - CATALOGING SOURCE
Transcribing agency Nust
082 00 - DEWEY DECIMAL CLASSIFICATION NUMBER
Classification number 621.382,SCH
100 1# - MAIN ENTRY--PERSONAL NAME
Personal name Schweber, William L.
9 (RLIN) 97363
245 10 - TITLE STATEMENT
Title Electronic communication systems :
Remainder of title a complete course /
Statement of responsibility, etc. William Schweber.
250 ## - EDITION STATEMENT
Edition statement 2nd ed.
260 ## - PUBLICATION, DISTRIBUTION, ETC.
Place of publication, distribution, etc. Upper Saddle River, N.J. :
Name of publisher, distributor, etc. Prentice Hall,
Date of publication, distribution, etc. c1999.
300 ## - PHYSICAL DESCRIPTION
Extent xii, 788 p. :
Other physical details ill. (some col.) ;
Dimensions 26 cm.
505 ## - FORMATTED CONTENTS NOTE
Formatted contents note Spectrum, Noise and Modulation (Page-1), Media, Transmission Lines and Wave Propagation (Page-195), Digital Systems (Page-294), Communication Systems and Applications (Page-416), Broadband Systems (Page-667),
650 #0 - SUBJECT ADDED ENTRY--TOPICAL TERM
Topical term or geographic name entry element Telecommunication Engineering.
942 ## - ADDED ENTRY ELEMENTS (KOHA)
Koha item type Reference
Source of classification or shelving scheme
Holdings
Withdrawn status Lost status Source of classification or shelving scheme Damaged status Not for loan Permanent Location Current Location Shelving location Date acquired Full call number Barcode Date last seen Price effective from Koha item type Public note
          Military College of Signals (MCS) Military College of Signals (MCS) Reference 12/12/2016 621.382,SCH MCS25021 12/08/2016 12/12/2016 Reference Almirah No.22, Shelf No.1
© 2023 Central Library, National University of Sciences and Technology. All Rights Reserved.